Super Smash Bros Brawl Characters by Appearance in Adventure - Statistics

General Stats
  • This quiz has been taken 285 times
  • The average score is 23 of 39
Answer Stats
Character % Correct
Mario
99%
Zelda
98%
Kirby
97%
Peach
97%
Pit
87%
Wario
68%
Bowser
65%
Diddy Kong
63%
Donkey Kong
63%
Lucas
62%
Ness
62%
Fox
60%
Link
60%
Meta Knight
60%
Pokemon Trainer
60%
Ike
59%
Marth
59%
Yoshi
59%
Pikachu
58%
Luigi
57%
King Dedede
56%
Zero Suit Samus
56%
Sonic
55%
Ancient Minister
52%
Ganondorf
50%
Jigglypuff
50%
Toon Link
50%
Wolf
50%
Snake
46%
Ice Climbers
45%
Lucario
45%
Samus
45%
Captain Falcon
44%
Falco
44%
Olimar
43%
R.O.B.
39%
Master Hand
33%
Sheik
33%
Tabuu
30%
No matching quizzes found
Score Distribution
Percent of People with Each Score
Percentile by Number Answered
Your Score History
You have not taken this quiz